000 00316nam a2200145Ia 4500
100 _aOmura/ George.
942 _cBK
366 _f15
654 _aMastering Autocad 14
245 _aMastering Autocad 14
260 _bB.P.B.Publications
_aNew Delhi
_c1997
082 _a6.6
300 _a1276
546 _aENGLISH
999 _c31029
_d31029